[Event "IECG CP.2009.P.00009 email"]
[Site "IECG email"]
[Date "2009.10.01"]
[Round "?"]
[White "Ushakov, Vjacheslav A"]
[Black "Silguero, Dante"]
[Result "1-0"]
[WhiteElo "692"]
[BlackElo "1950"]
[PlyCount "32"]
[EventDate "2009.10.01"]
[EventType "tourn (corr)"]
[EventRounds "6"]
[EventCountry "ARG"]
[SourceTitle "Corr 2024"]
[Source "ChessBase"]
[SourceDate "2023.10.19"]
[SourceVersion "1"]
[SourceVersionDate "2023.10.19"]
[SourceQuality "1"]

1. d4 Nf6 2. g3 c5 3. d5 b5 4. Bg2 d6 5. e4 Nbd7 6. f4 g6 7. Qe2 Bg7 8. e5 dxe5 9. fxe5 Ng8 10. e6 Ne5 11. Qxb5+ Kf8 12. Qxc5 Bb7 13. exf7 Nxf7 14. Ne2 Rc8 15. Qb5 Ba8 16. Nf4 Nd6 1-0

[Event "LSS OP-2008-0-00677"]
[Site "LSS email"]
[Date "2008.11.15"]
[Round "?"]
[White "McDonald, Graham R"]
[Black "Silguero, Dante"]
[Result "1-0"]
[WhiteElo "1807"]
[BlackElo "1950"]
[PlyCount "45"]
[EventDate "2008.11.14"]
[EventType "tourn (corr)"]
[EventRounds "4"]
[EventCountry "GER"]
[SourceTitle "Corr 2011"]
[Source "ChessBase"]
[SourceDate "2010.08.31"]
[SourceVersion "1"]
[SourceVersionDate "2010.08.31"]
[SourceQuality "1"]

1. e4 c5 2. Nf3 d6 3. d4 cxd4 4. Nxd4 Nf6 5. Nc3 g6 6. Be3 Bg7 7. f3 Nc6 8. Qd2 0-0 9. 0-0-0 a6 10. g4 Nxd4 11. Bxd4 b5 12. h4 b4 13. Nd5 Nxd5 14. Bxg7 Kxg7 15. exd5 Qb6 16. h5 a5 17. hxg6 fxg6 18. Bd3 a4 19. Rxh7+ Kxh7 20. Rh1+ Kg7 21. Qh6+ Kf6 22. Qxg6+ Ke5 23. Qe4+ 1-0